[Event "IECC CL5-2006.16 email"]
[Site "IECC email"]
[Date "2006.09.28"]
[Round "?"]
[White "Crandall, David"]
[Black "Von Rosenberg, Clemens"]
[Result "1/2-1/2"]
[WhiteElo "1448"]
[BlackElo "1479"]
[PlyCount "54"]
[EventDate "2006.??.??"]
[EventType "tourn (corr)"]
[EventRounds "4"]
[SourceTitle "Corr 2015"]
[Source "ChessBase"]
[SourceDate "2015.07.17"]
[SourceVersion "1"]
[SourceVersionDate "2015.07.17"]
[SourceQuality "1"]
[WhiteTeam "US of America"]
[BlackTeam "Germany"]
[WhiteTeamCountry "USA"]
[BlackTeamCountry "GER"]

1. e4 c5 2. d4 cxd4 3. c3 d5 4. exd5 Qxd5 5. cxd4 Nc6 6. Nf3 e5 7. Nc3 Bb4 8. Bd2 Bxc3 9. Bxc3 e4 10. Ne5 Nxe5 11. dxe5 Ne7 12. Qa4+ Bd7 13. Qa3 e3 14. f3 Rc8 15. Rd1 Qc5 16. Qxc5 Rxc5 17. Bd4 Rc2 18. Rg1 Nc6 19. Bc3 Be6 20. Bd3 Rf2 21. Be2 Bxa2 22. Rd3 Rxe2+ 23. Kxe2 Bc4 24. Kxe3 Bxd3 25. Kxd3 Ke7 26. Ke2 Rd8 27. Rd1 Rxd1 1/2-1/2

[Event "IECC Swiss-474.3"]
[Site "IECC email"]
[Date "2005.02.01"]
[Round "?"]
[White "Crandall, David"]
[Black "Stark, Klaus"]
[Result "0-1"]
[WhiteElo "1435"]
[BlackElo "1652"]
[PlyCount "36"]
[EventDate "2005.??.??"]
[EventType "swiss (corr)"]
[EventRounds "1"]
[SourceTitle "Corr 2020"]
[Source "ChessBase"]
[SourceDate "2019.09.30"]
[SourceVersion "1"]
[SourceVersionDate "2019.09.30"]
[SourceQuality "1"]
[WhiteTeam "United States"]
[BlackTeam "United States"]
[WhiteTeamCountry "USA"]
[BlackTeamCountry "USA"]

1. e4 c6 2. d4 d5 3. Nc3 dxe4 4. f3 exf3 5. Nxf3 Nf6 6. Bc4 Bf5 7. Qe2 e6 8. Bg5 Be7 9. 0-0-0 Nbd7 10. h3 Nd5 11. Bd2 Qc7 12. Ne5 Nxe5 13. dxe5 0-0-0 14. g4 Bg6 15. h4 Nxc3 16. Bxc3 Rxd1+ 17. Kxd1 Bxh4 18. Rxh4 Qd8+ 0-1

[Event "IECC CL5-2004.29 email"]
[Site "IECC email"]
[Date "2004.12.20"]
[Round "?"]
[White "Soukupova, Petra"]
[Black "Crandall, David"]
[Result "1-0"]
[WhiteElo "1492"]
[BlackElo "1427"]
[PlyCount "49"]
[EventDate "2004.??.??"]
[EventType "tourn (corr)"]
[EventRounds "4"]
[SourceTitle "Corr 2008"]
[Source "ChessBase"]
[SourceDate "2008.06.24"]
[SourceVersion "1"]
[SourceVersionDate "2008.06.24"]
[SourceQuality "1"]

1. e4 d5 2. exd5 Nf6 3. Nc3 Nxd5 4. Nxd5 Qxd5 5. d4 Nc6 6. Nf3 Bg4 7. c4 Qe4+ 8. Be3 Nb4 9. Qa4+ Nc6 10. d5 Bxf3 11. gxf3 Qxf3 12. dxc6 Qxc6 13. Qxc6+ bxc6 14. Bg2 0-0-0 15. Rd1 Rxd1+ 16. Kxd1 Kb7 17. b4 a6 18. b5 axb5 19. cxb5 e6 20. Bxc6+ Kb8 21. a4 Bb4 22. Rg1 Rd8+ 23. Kc2 g6 24. a5 Bxa5 25. Ra1 1-0

[Event "IECC Swiss-478.2"]
[Site "IECC email"]
[Date "2004.06.12"]
[Round "?"]
[White "Crandall, David"]
[Black "Booth, Grahame"]
[Result "1-0"]
[WhiteElo "1434"]
[BlackElo "1020"]
[PlyCount "51"]
[EventDate "2004.??.??"]
[EventType "swiss (corr)"]
[EventRounds "1"]
[SourceTitle "Corr 2020"]
[Source "ChessBase"]
[SourceDate "2019.09.30"]
[SourceVersion "1"]
[SourceVersionDate "2019.09.30"]
[SourceQuality "1"]
[WhiteTeam "United States"]
[BlackTeam "Canada"]
[WhiteTeamCountry "USA"]
[BlackTeamCountry "CAN"]

1. e4 e5 2. d4 exd4 3. Nf3 Nc6 4. Bc4 Bb4+ 5. c3 dxc3 6. 0-0 cxb2 7. Bxb2 Nf6 8. Ng5 0-0 9. e5 Nxe5 10. Bxe5 d6 11. Qb3 dxe5 12. Qxb4 h6 13. Nf3 Be6 14. Nbd2 Bxc4 15. Nxc4 e4 16. Nfe5 b6 17. Nc6 Qd3 18. Rfd1 a5 19. Qb5 Qe2 20. Rd2 Qg4 21. Qe5 Qg5 22. Qxc7 b5 23. Ne3 b4 24. Rad1 Qb5 25. Nd4 Nd5 26. Nxb5 1-0

[Event "IECC P email"]
[Site "IECC email"]
[Date "2003.11.19"]
[Round "?"]
[White "Stancliff, Mike"]
[Black "Crandall, David"]
[Result "1-0"]
[WhiteElo "1410"]
[BlackElo "1470"]
[PlyCount "45"]
[EventDate "2003.??.??"]
[EventType "tourn (corr)"]
[EventRounds "6"]
[SourceTitle "Corr 2008"]
[Source "ChessBase"]
[SourceDate "2008.06.24"]
[SourceVersion "1"]
[SourceVersionDate "2008.06.24"]
[SourceQuality "1"]

1. e4 d6 2. d4 Nf6 3. Nc3 Nbd7 4. Nf3 e5 5. Bb5 c6 6. Bd3 Qc7 7. 0-0 Be7 8. Be3 h6 9. dxe5 dxe5 10. Bc4 b5 11. Bb3 b4 12. Ne2 Nxe4 13. Nd2 Nd6 14. c3 a5 15. cxb4 axb4 16. Qc2 Ba6 17. Rfe1 0-0 18. Ng3 c5 19. Bxh6 gxh6 20. Qg6+ Kh8 21. Qxh6+ Kg8 22. Nh5 Nf5 23. Qg6+ 1-0

[Event "IECC KO-2047"]
[Site "IECC email"]
[Date "2003.10.28"]
[Round "?"]
[White "Jensen, Jeff"]
[Black "Crandall, David"]
[Result "1-0"]
[WhiteElo "1534"]
[BlackElo "1438"]
[PlyCount "61"]
[EventDate "2003.??.??"]
[EventType "match (corr)"]
[EventRounds "2"]
[SourceTitle "Corr 2020"]
[Source "ChessBase"]
[SourceDate "2019.09.30"]
[SourceVersion "1"]
[SourceVersionDate "2019.09.30"]
[SourceQuality "1"]
[WhiteTeam "Australia"]
[BlackTeam "United States"]
[WhiteTeamCountry "AUS"]
[BlackTeamCountry "USA"]

1. d4 d6 2. c4 Nf6 3. Nc3 Nbd7 4. Nf3 e5 5. e4 c6 6. Be2 Qc7 7. 0-0 Be7 8. d5 h6 9. Be3 Nf8 10. Rc1 g5 11. h3 Ng6 12. dxc6 bxc6 13. Qc2 Nf4 14. Bxf4 gxf4 15. b4 Rg8 16. Kh1 Bxh3 17. gxh3 Qd7 18. Rg1 Qxh3+ 19. Nh2 Kd7 20. Qd3 Qh4 21. Qf3 Rg5 22. Rxg5 hxg5 23. Qg2 Rh8 24. Kg1 g4 25. Bxg4+ Ke8 26. f3 d5 27. cxd5 Bxb4 28. Na4 Nxg4 29. Nxg4 c5 30. Qh2 Bd2 31. Qxd2 1-0

[Event "IECC CL5-2003.19 email"]
[Site "IECC email"]
[Date "2003.09.07"]
[Round "?"]
[White "Berkley, Stephen W"]
[Black "Crandall, David"]
[Result "0-1"]
[WhiteElo "1547"]
[BlackElo "1450"]
[PlyCount "20"]
[EventDate "2003.??.??"]
[EventType "tourn (corr)"]
[EventRounds "4"]
[SourceTitle "Corr 2008"]
[Source "ChessBase"]
[SourceDate "2008.06.24"]
[SourceVersion "1"]
[SourceVersionDate "2008.06.24"]
[SourceQuality "1"]

1. e4 c6 2. b3 d5 3. Bb2 dxe4 4. Nc3 Nf6 5. Nge2 Nbd7 6. Ng3 g6 7. Ncxe4 Bg7 8. h4 0-0 9. Be2 Nxe4 10. Bxg7 Nxg3 0-1

[Event "IECC CL5-2003.19 email"]
[Site "IECC email"]
[Date "2003.09.07"]
[Round "?"]
[White "Crandall, David"]
[Black "Dunning, Stephen"]
[Result "0-1"]
[WhiteElo "1487"]
[BlackElo "1534"]
[PlyCount "50"]
[EventDate "2003.??.??"]
[EventType "tourn (corr)"]
[EventRounds "4"]
[SourceTitle "Corr 2008"]
[Source "ChessBase"]
[SourceDate "2008.06.24"]
[SourceVersion "1"]
[SourceVersionDate "2008.06.24"]
[SourceQuality "1"]

1. e4 c5 2. d4 cxd4 3. c3 dxc3 4. Nxc3 Nc6 5. Nf3 d6 6. Bc4 e6 7. 0-0 Nf6 8. Qe2 Be7 9. Rd1 e5 10. Be3 0-0 11. Rac1 Bg4 12. h3 Bh5 13. g4 Bg6 14. Bc5 Qd7 15. Bxd6 Bxd6 16. Bb5 Nxg4 17. hxg4 Qxg4+ 18. Kf1 Qh3+ 19. Ke1 Bh5 20. Rxd6 Bxf3 21. Qe3 Nd4 22. Bd7 Qh4 23. Kd2 Rad8 24. Rxd4 exd4 25. Qxd4 Rxd7 0-1

[Event "IECC Swiss email"]
[Site "IECC email"]
[Date "2001.02.14"]
[Round "?"]
[White "Jobe, Tom B"]
[Black "Crandall, David"]
[Result "0-1"]
[WhiteElo "1817"]
[BlackElo "1498"]
[PlyCount "68"]
[EventDate "2001.??.??"]
[EventType "tourn (corr)"]
[EventRounds "6"]
[SourceTitle "Corr 2008"]
[Source "ChessBase"]
[SourceDate "2008.06.24"]
[SourceVersion "1"]
[SourceVersionDate "2008.06.24"]
[SourceQuality "1"]

1. e4 c6 2. d4 d5 3. Nc3 dxe4 4. Nxe4 Nf6 5. Nxf6+ gxf6 6. c3 Bf5 7. Ne2 Nd7 8. Ng3 Bg6 9. h4 h5 10. Be2 Qa5 11. a3 e5 12. b4 Qc7 13. Nxh5 0-0-0 14. Ng3 Nb6 15. h5 Bh7 16. Nf1 exd4 17. cxd4 Bd6 18. Ne3 Rhe8 19. Bd3 Be4 20. Bb2 Kb8 21. Kf1 Bd5 22. b5 Bf4 23. Nxd5 Nxd5 24. Qf3 cxb5 25. g3 Bg5 26. Bxb5 Re7 27. Kg2 Qc2 28. Rab1 Re3 29. Qd1 Qf5 30. Re1 Rh8 31. Rxe3 Bxe3 32. Qe1 Qe4+ 33. f3 Nf4+ 34. gxf4 Rg8+ 0-1